Quantum Mechanics for Scientists and Engineers (Record no. 33607)

000 -LEADER
fixed length control field 00418nam a22001697a 4500
003 - CONTROL NUMBER IDENTIFIER
control field NUST
020 ## - INTERNATIONAL STANDARD BOOK NUMBER
International Standard Book Number 978-0-521-748261
038 ## - RECORD CONTENT LICENSOR
Staff Name khadija
082 ## - DEWEY DECIMAL CLASSIFICATION NUMBER
Classification number 530.12
Author Mark MIL
100 ## - MAIN ENTRY--PERSONAL NAME
Personal name Miller, David A. B.
9 (RLIN) 82585
245 ## - TITLE STATEMENT
Title Quantum Mechanics for Scientists and Engineers
260 ## - PUBLICATION, DISTRIBUTION, ETC.
Place of publication, distribution, etc. New Delhi :
Name of publisher, distributor, etc. Cambridge ,
Date of publication, distribution, etc. 2008.
300 ## - PHYSICAL DESCRIPTION
Extent 551 p. ;
Other physical details 25 cm .
500 ## - GENERAL NOTE
General note Paperback.
563 ## - BINDING INFORMATION
Binding note P.B
942 ## - ADDED ENTRY ELEMENTS (KOHA)
Koha item type Book
Source of classification or shelving scheme
Holdings
Withdrawn status Lost status Source of classification or shelving scheme Damaged status Not for loan Permanent Location Current Location Shelving location Date acquired Full call number Barcode Date last seen Price effective from Koha item type Public note
          School of Mechanical & Manufacturing Engineering (SMME) School of Mechanical & Manufacturing Engineering (SMME) General Stacks 05/09/2016 530.12 MIL SMME-2698 04/05/2018 05/09/2016 Book Rack,44-Shelf,4
© 2023 Central Library, National University of Sciences and Technology. All Rights Reserved.